The secret self 2: Short Stories by Women
Antología de cuentos de escritoras contemporáneas que trabajan temas variados, muestra variedad de estilos de escritura. Contiene introducción realizada por la editora Hermione Lee, quien hace mención del punto de unión de la antología: una visión lejos de los ojos de la sociedad del trabajo escrito...
Guardat en:
| Format: | Llibre |
|---|---|
| Idioma: | English |
| Publicat: |
Gran Bretaña
Everyman
1987
|
| Matèries: | |
| Etiquetes: |
Afegir etiqueta
Sense etiquetes, Sigues el primer a etiquetar aquest registre!
|
MARC
| LEADER | 00000nam a2200000Ia 4500 | ||
|---|---|---|---|
| 008 | 170316s9999 xx 000 0 eng d | ||
| 020 | |a 0-460-87349-0 | ||
| 040 | |a cru BVZT | ||
| 090 | |a 820 S-4.2s | ||
| 245 | |a The secret self 2: Short Stories by Women |c / Hermione Lee | ||
| 260 | |a Gran Bretaña | ||
| 260 | |b Everyman | ||
| 260 | |c 1987 | ||
| 300 | |a 381 páginas | ||
| 520 | |a Antología de cuentos de escritoras contemporáneas que trabajan temas variados, muestra variedad de estilos de escritura. Contiene introducción realizada por la editora Hermione Lee, quien hace mención del punto de unión de la antología: una visión lejos de los ojos de la sociedad del trabajo escrito de la mujer | ||
| 546 | |a Inglés | ||
| 650 | |a LITERATURA INGLESA |9 12 | ||
| 650 | |a EN IDIOMA INGLÉS |9 129 | ||
| 650 | |a MUJERES ESCRITORAS - HISTORIAS CORTAS | ||
| 650 | |a BIOGRAFÍAS DE LAS AUTORAS DE ESTAS HISTORIAS | ||
| 999 | |c 30902 |d 30902 | ||
| 942 | |c 15 D |h 820 S-4.2s |2 z | ||



